MARC

Tag First Indicator Second Indicator Subfields
LEADER 00000cam a2200000 4500
001 in00000043769
005 20230801144831.0
008 651229s1965 enka b 000 0 eng
010 |a  63012462  
015 |a GB6504070  |2 bnb 
016 7 |a 0036142  |2 DNLM 
016 7 |a 008334751  |2 Uk 
019 |a 1559187  |a 12975027  |a 221655817  |a 903619119 
029 0 |a NLM  |b 0036142 
029 1 |a AU@  |b 000002689234 
029 1 |a AU@  |b 000005058575 
029 1 |a AU@  |b 000010221523 
029 1 |a AU@  |b 000054241467 
029 1 |a DEBSZ  |b 000803138 
029 1 |a NLGGC  |b 860721167 
029 1 |a NZ1  |b 3139681 
029 1 |a ZWZ  |b 016749529 
029 1 |a ZWZ  |b 053581687 
029 1 |a UKMGB  |b 008334751 
035 |a (OCoLC)ocm14507158  
035 |a (OCoLC)14507158  |z (OCoLC)1559187  |z (OCoLC)12975027  |z (OCoLC)221655817  |z (OCoLC)903619119 
035 |a (OCoLC)ocm14507158  
040 |a NLM  |b eng  |c NLM  |d CGU  |d DLC  |d UKM  |d DRB  |d EYM  |d ZWZ  |d SNU  |d FDA  |d OCLCF  |d OCLCQ  |d IAD  |d UIU  |d UKMGB  |d NLM  |d OCLCO  |d OCLCA  |d OCLCO  |d OCL 
041 1 |a eng  |h rus 
050 0 0 |a QP351  |b .A5743 
060 0 0 |a WL 9  |b T957e 1965 
082 0 0 |a 591.1 
100 1 |a Turpaev, T. M.  |q (Tigran Melʹkumovich) 
245 1 0 |a Essays on physiological evolution.  |b Honorary editor: J.W.S. Pringle. 
246 3 |a Physiological evolution 
260 |a Oxford,  |b Pergamon Press  |c [1965] 
300 |a xxii, 364 pages  |b illustrations, portrait  |c 24 cm 
336 |a text  |b txt  |2 rdacontent 
337 |a unmediated  |b n  |2 rdamedia 
338 |a volume  |b nc  |2 rdacarrier 
500 |a "Based on a volume prepared by T.M. Turpayev for presentation to Professor Kh. S. Koshtoyants on his sixtieth birthday and published after his death in 1961 by the U.S.S.R. Academy of Sciences, Moscow." 
504 |a "List of Kh. S. Koshtoyants' most important publications": pages xvii-xxii. Includes bibliographies. 
650 0 |a Neurology. 
650 0 |a Neurochemistry. 
650 0 |a Excitation (Physiology) 
650 0 |a Evolution (Biology) 
650 0 |a Muscles. 
650 0 |a Neurophysiology. 
600 1 2 |a Koshtoi︠a︡nt︠s︡, Kh. S.  |q (Khachatur Sedrakovich),  |d 1900-1961. 
650 2 |a Biological Evolution 
650 2 |a Muscles 
650 2 |a Neurophysiology 
650 2 |a Neurology 
650 2 |a Neurochemistry 
650 6 |a Neurologie. 
650 6 |a Neurochimie. 
650 6 |a Excitation (Physiologie) 
650 6 |a Évolution (Biologie) 
650 6 |a Muscles. 
650 6 |a Neurophysiologie. 
650 7 |a evolution.  |2 aat 
650 7 |a Neurophysiology.  |2 fast  |0 (OCoLC)fst01036464 
650 7 |a Muscles.  |2 fast  |0 (OCoLC)fst01029953 
650 7 |a Evolution (Biology)  |2 fast  |0 (OCoLC)fst00917302 
650 7 |a Excitation (Physiology)  |2 fast  |0 (OCoLC)fst00917713 
650 7 |a Neurochemistry.  |2 fast  |0 (OCoLC)fst01036329 
650 7 |a Neurology.  |2 fast  |0 (OCoLC)fst01036390 
650 7 |a Physiologie.  |2 ram 
655 7 |a Essays.  |2 fast  |0 (OCoLC)fst01919922 
655 2 |a Essay 
655 7 |a essays.  |2 aat 
655 7 |a Essays.  |2 lcgft 
655 7 |a Essais.  |2 rvmgf 
700 1 |a Pringle, J. W. S.  |q (John William Sutton),  |d 1912-1982. 
776 0 8 |i Online version:  |a Institut morfologii zhivotnykh im. A.N. Severt︠s︡ova.  |s Problemy ėvoli︠u︡t︠s︡ii funkt︠s︡iĭ i ėnzimokhimii prot︠s︡essov vozbuzhdenii︠a︡. English.  |t Essays on physiological evolution.  |b [1st ed.].  |d Oxford, New York, Pergamon Press [1965]  |w (OCoLC)598771591 
776 0 8 |i Online version:  |a Institut morfologii zhivotnykh im. A.N. Severt︠s︡ova.  |s Problemy ėvoli︠u︡t︠s︡ii funkt︠s︡iĭ i ėnzimokhimii prot︠s︡essov vozbuzhdenii︠a︡. English.  |t Essays on physiological evolution.  |b [1st ed.].  |d Oxford, New York, Pergamon Press [1965]  |w (OCoLC)608155389 
776 0 8 |i Online version:  |a Institut morfologii zhivotnykh im. A.N. Severt︠s︡ova.  |s Problemy ėvoli︠u︡t︠s︡ii funkt︠s︡iĭ i ėnzimokhimii prot︠s︡essov vozbuzhdenii︠a︡. English.  |t Essays on physiological evolution.  |b [1st ed.].  |d Oxford, New York, Pergamon Press [1965]  |w (OCoLC)613226292 
948 |h HELD BY TXA - 256 OTHER HOLDINGS 
994 |a Z0  |b TXA 
999 f f |s ea62dcc1-e035-3b52-824d-62bb5d33781c  |i 89545a1a-8ad9-3425-8a1d-0002d3fcb30e  |t 0 
952 f f |p ric  |a Texas A&M University  |b Rellis Campus  |c Joint Library Facility  |d Remote Storage  |t 0  |e QP351 .A5743  |h Library of Congress classification  |i unmediated -- volume  |m A14801007002 
998 f f |a QP351 .A5743  |t 0  |l Remote Storage